<?xml version="1.0" encoding="UTF-8"?>
<record
    xmlns:xsi="http://www.w3.org/2001/XMLSchema-instance"
    xsi:schemaLocation="http://www.loc.gov/MARC21/slim http://www.loc.gov/standards/marcxml/schema/MARC21slim.xsd"
    xmlns="http://www.loc.gov/MARC21/slim">

  <leader>01278nam a2200289 a 4500</leader>
  <controlfield tag="001">BRCA_1476</controlfield>
  <controlfield tag="005">20190320203438.0</controlfield>
  <controlfield tag="008">191105s2003----mx-a######---#000-0#spa-d</controlfield>
  <datafield tag="020" ind1=" " ind2=" ">
    <subfield code="a">9688595098</subfield>
  </datafield>
  <datafield tag="041" ind1=" " ind2=" ">
    <subfield code="a">spa</subfield>
  </datafield>
  <datafield tag="044" ind1=" " ind2=" ">
    <subfield code="a">mx</subfield>
  </datafield>
  <datafield tag="050" ind1=" " ind2="4">
    <subfield code="a">F1232.H5</subfield>
    <subfield code="b">.D63 2003</subfield>
  </datafield>
  <datafield tag="245" ind1="1" ind2="0">
    <subfield code="a">Documentos de Miguel Hidalgo</subfield>
    <subfield code="b">del Colegio de San Francisco Xavier a la Biblioteca Francisco Xavier Clavigero</subfield>
    <subfield code="c">introducci&#xF3;n Teresa Matabuena Pel&#xE1;ez ; estudio introductorio Guadalupe Jim&#xE9;nez Codinach ; transcripci&#xF3;n palegr&#xE1;fica Mar&#xED;a Eugenia Ponce Alcocer.</subfield>
  </datafield>
  <datafield tag="260" ind1=" " ind2=" ">
    <subfield code="a">M&#xE9;xico</subfield>
    <subfield code="b">Universidad Iberoamericana, Biblioteca Francisco Xavier Clavigero</subfield>
    <subfield code="c">2003</subfield>
  </datafield>
  <datafield tag="300" ind1=" " ind2=" ">
    <subfield code="a">143 p.</subfield>
    <subfield code="b">il. a color</subfield>
    <subfield code="c">34 cm.</subfield>
  </datafield>
  <datafield tag="500" ind1=" " ind2=" ">
    <subfield code="a">Colecci&#xF3;n Sonia Corcuera de Mancera</subfield>
  </datafield>
  <datafield tag="504" ind1=" " ind2=" ">
    <subfield code="a">Bibliograf&#xED;a: p. 143</subfield>
  </datafield>
  <datafield tag="600" ind1="1" ind2="4">
    <subfield code="a">Hidalgo y Costilla, Miguel</subfield>
    <subfield code="d">1753-1811</subfield>
    <subfield code="9">4667</subfield>
  </datafield>
  <datafield tag="610" ind1="2" ind2="4">
    <subfield code="a">Colegio de San Francisco Xavier (M&#xE9;xico)</subfield>
    <subfield code="v">Biobibliograf&#xED;a</subfield>
    <subfield code="9">4826</subfield>
  </datafield>
  <datafield tag="610" ind1="2" ind2="4">
    <subfield code="a">Universidad Iberoamericana</subfield>
    <subfield code="b">Biblioteca Francisco Xavier Clavigero</subfield>
    <subfield code="v">Biobibliograf&#xED;a</subfield>
    <subfield code="9">4827</subfield>
  </datafield>
  <datafield tag="650" ind1="1" ind2="4">
    <subfield code="a">Revolucionarios</subfield>
    <subfield code="v">Biograf&#xED;a</subfield>
    <subfield code="x">Historia</subfield>
    <subfield code="z">M&#xE9;xico</subfield>
    <subfield code="9">4828</subfield>
  </datafield>
  <datafield tag="700" ind1="1" ind2=" ">
    <subfield code="a">Matabuena Pel&#xE1;ez, Teresa</subfield>
    <subfield code="9">4829</subfield>
  </datafield>
  <datafield tag="700" ind1="1" ind2=" ">
    <subfield code="a">Jim&#xE9;nez Codinach, Guadalupe</subfield>
    <subfield code="9">447</subfield>
  </datafield>
  <datafield tag="700" ind1="1" ind2=" ">
    <subfield code="a">Ponce Alcocer, Mar&#xED;a Eugenia</subfield>
    <subfield code="9">4830</subfield>
  </datafield>
  <datafield tag="902" ind1=" " ind2=" ">
    <subfield code="a">DSC</subfield>
  </datafield>
  <datafield tag="942" ind1=" " ind2=" ">
    <subfield code="2">lcc</subfield>
    <subfield code="c">B</subfield>
  </datafield>
  <datafield tag="999" ind1=" " ind2=" ">
    <subfield code="c">1338</subfield>
    <subfield code="d">1338</subfield>
  </datafield>
  <datafield tag="952" ind1=" " ind2=" ">
    <subfield code="0">0</subfield>
    <subfield code="1">0</subfield>
    <subfield code="4">0</subfield>
    <subfield code="7">0</subfield>
    <subfield code="a">BRCA</subfield>
    <subfield code="b">BRCA</subfield>
    <subfield code="d">2008-06-26</subfield>
    <subfield code="l">0</subfield>
    <subfield code="o">F1232.H5 .D63 2003</subfield>
    <subfield code="p">DSC00007</subfield>
    <subfield code="r">2019-03-22 00:00:00</subfield>
    <subfield code="w">2019-03-22</subfield>
    <subfield code="y">B</subfield>
  </datafield>
</record>
